| 000 | 00339nam a2200133Ia 4500 | ||
|---|---|---|---|
| 008 | 210312s9999||||xx |||||||||||||| ||und|| | ||
| 041 | _aosm | ||
| 050 | _aDS61.9.T87 | ||
| 050 | _bA36 | ||
| 100 | _aAltınay, Ahmed Refik | ||
| 245 | 0 | _aBaltacı Mehmed Paşa ve Büyük Petro | |
| 260 | _c1327 | ||
| 650 | _aTarih--Türkiye--Osmanlı Devleti | ||
| 999 |
_c22006 _d22006 |
||